Erster DFB-Kader von Julian Nagelsmann - Statistiken

Allgemein
  • Dieses Quiz wurde 947 mal gespielt
  • Das Durchschnittsergebnis liegt bei 21 aus 26
Antwortstatistiken
Position Verein Spieler % Korrekt
Tor FC Barcelona Marc-André ter Stegen
99%
Abwehr Real Madrid Antonio Rüdiger
96%
Tor Eintracht Frankfurt Kevin Trapp
95%
Tor TSG Hoffenheim Oliver Baumann
93%
Mittelfeld / Angriff Bayer Leverkusen Florian Wirtz
91%
Mittelfeld / Angriff FC Arsenal Kai Havertz
91%
Mittelfeld / Angriff Bayern München Jamal Musiala
87%
Abwehr Bayer Leverkusen Jonathan Tah
87%
Mittelfeld / Angriff Bayern München Joshua Kimmich
87%
Mittelfeld / Angriff Bayern München Leroy Sané
87%
Tor FC Fulham Bernd Leno
85%
Mittelfeld / Angriff Bayern München Thomas Müller
85%
Mittelfeld / Angriff FC Barcelona Ilkay Gündogan
84%
Abwehr Borussia Dortmund Niklas Süle
84%
Abwehr RB Leipzig David Raum
82%
Abwehr Borussia Dortmund Mats Hummels
80%
Mittelfeld / Angriff Bayern München Leon Goretzka
79%
Mittelfeld / Angriff Brighton & Hove Albion Pascal Groß
79%
Mittelfeld / Angriff Bayer Leverkusen Robert Andrich
78%
Mittelfeld / Angriff Borussia Dortmund Julian Brandt
77%
Abwehr AC Mailand Malick Thiaw
72%
Abwehr Union Berlin Robin Gosens
72%
Mittelfeld / Angriff Borussia Dortmund Niclas Füllkrug
69%
Mittelfeld / Angriff VfB Stuttgart Chris Führich
66%
Mittelfeld / Angriff Bayer Leverkusen Jonas Hofmann
52%
Mittelfeld / Angriff Union Berlin Kevin Behrens
50%
Keine übereinstimmenden Quizze gefunden
Verteilung der Resultate
Anzahl Personen mit jedem Resultat
Perzentil nach korrekt beantworteten Fragen
Ihre Resultats-Entwicklung
Sie haben dieses Quiz noch nicht gespielt